Cabinet construction: (Record no. 190869)
[ view plain ]
| 000 -LEADER | |
|---|---|
| fixed length control field | 01057 a2200169 4500 |
| 003 - CONTROL NUMBER IDENTIFIER | |
| control field | NUST |
| 005 - DATE AND TIME OF LATEST TRANSACTION | |
| control field | 20230120182512.0 |
| 040 ## - CATALOGING SOURCE | |
| Transcribing agency | Nust |
| 082 ## - DEWEY DECIMAL CLASSIFICATION NUMBER | |
| Classification number | 747.3,CAB |
| 100 ## - MAIN ENTRY--PERSONAL NAME | |
| Personal name | Bros, Evans |
| 9 (RLIN) | 107301 |
| 245 ## - TITLE STATEMENT | |
| Title | Cabinet construction: |
| Remainder of title | the woodworker Series / |
| 260 ## - PUBLICATION, DISTRIBUTION, ETC. | |
| Place of publication, distribution, etc. | London |
| Name of publisher, distributor, etc. | Evans Brothers , Limited |
| Date of publication, distribution, etc. | 1963 |
| 300 ## - PHYSICAL DESCRIPTION | |
| Extent | 216 p,; |
| 505 ## - FORMATTED CONTENTS NOTE | |
| Formatted contents note | Joints in Carcase Work (Page-1), Cabinet and Table Tops (Page-24), Table and Chair Legs (Page-31), Cabinet Doors (Page-45), Barred Doors and Leaded Lights (Page-59), How to make Drawers (Page-66), Drawer Ralls and Runners (Page-78), How To Fit Cornices and Cappings (Page-85), Shapings in Cabinet Work (Page-99), Facing, Lining, and Lipping (Page-110), Rule Joint for Drop Leaves (Page-117), Inlaid Strings and Bandings (Page-124), Metal Fittings on Furniture (Page-137), Cabinet Backs and Back Framing (Page-149), Setting-out Boards (Page-167), Veneering (Page-171), Examples of Period Furniture and Metal Work-Twenty-Four Plates (Page-189). |
| 650 ## - SUBJECT ADDED ENTRY--TOPICAL TERM | |
| Topical term or geographic name entry element | Woodworker |
| 9 (RLIN) | 107302 |
| 942 ## - ADDED ENTRY ELEMENTS (KOHA) | |
| Source of classification or shelving scheme | |
| Koha item type | Book |
| Call number prefix | 747.3,CAB |
| Withdrawn status | Lost status | Source of classification or shelving scheme | Damaged status | Not for loan | Permanent Location | Current Location | Shelving location | Date acquired | Full call number | Barcode | Date last seen | Price effective from | Koha item type | Public note |
|---|---|---|---|---|---|---|---|---|---|---|---|---|---|---|
| Military College of Signals (MCS) | Military College of Signals (MCS) | General Stacks | 12/12/2016 | 747.3,CAB | MCS30188 | 12/08/2016 | 12/12/2016 | Book | Almirah No.55, Shelf No.6 |
